موسوعة البلدان المصرية / (Record no. 25844)
[ view plain ]
| 000 -الفاتح | |
|---|---|
| حقل البيانات ثابتة الطول | 01980nam a2200349 i 4500 |
| 003 - محدد رقم الضبط | |
| رقم الضبط | EG-ScBUE |
| 005 - وقت وتاريخ اخر تعامل مع التسجيلة | |
| رقم الضبط | 20240213151031.0 |
| 008 - عناصر البيانات ثابتة الطول - معلومات عامة | |
| حقل البيانات ثابتة الطول | 180102s2014 ua f be 000 0 ara d |
| 017 ## - رقم الإيداع القانونى | |
| رقم الإيداع القانونى | 2013 / 24520 |
| 017 ## - رقم الإيداع القانونى | |
| رقم الإيداع القانونى | 2013 / 19178 |
| 020 ## - الرقم الدولى المعيارى للكتب | |
| الرقم الدولى المعيارى للكتاب | 9789777186049 |
| 020 ## - الرقم الدولى المعيارى للكتب | |
| الرقم الدولى المعيارى للكتاب | 9789777185196 |
| 040 ## - مصدر الفهرسة | |
| وكالة الفهرسة الأصلية | EG-ScBUE |
| لغة الفهرسة | ara |
| قواعد الوصف | rda |
| وكالة النسخ | EG-ScBUE |
| وكالة التعديل | EG-ScBUE |
| 043 ## - رمز المنطقة الجغرافية | |
| رمز المنطقة الجغرافية | f-ua--- |
| 082 04 - رقم تصنيف ديوى العشرى | |
| رقم التصنيف | 916.203 |
| رقم المادة | م ش ع |
| رقم الطبعة | 22 |
| 100 1# - المدخل الرئيسى - إسم شخصى | |
| الإسم الشخصى | مشعل، جمال، |
| الدور | مؤلف. |
| 245 10 - بيان العنوان | |
| العنوان | موسوعة البلدان المصرية / |
| بيان المسئوليه,etc | جمال مشعل. |
| 250 ## - بيان الطبعة | |
| بيان الطبعة | الطبعة الأولى. |
| 264 #1 - النشر، التوزيع | |
| مكان الناشر او الموزع | القاهرة : |
| اسم الناشر او الموزع | المجلس الأعلى للثقافة، |
| تاريخ النشر أو التوزيع | 2014. |
| 300 ## - الوصف المادى | |
| التعداد | 8 مجلدات ؛ |
| أبعاد الوعاء | 24 سم. |
| 336 ## - نوع المحتوى | |
| source | rdacontent |
| Carrier Type Term | نص |
| Content Type Code | txt |
| 337 ## - نوع الوسيط | |
| Media Type Term | بدون وسيط |
| source | rdamedia |
| Media Type Code | n |
| 338 ## - نوع الحامل أو الناقل | |
| Carrier Type Term | مجلد |
| Carrier Type Code | nc |
| source | rdacarrier |
| 490 0# - بيان السلسلة | |
| عنوان السلسلة | سلسلة إبداعات التفرغ ؛ |
| رقم المجلد/ التعيين التسلسلي | <78-74، 80-81> |
| 504 ## - تبصرة ببليوجرافية | |
| تبصرة ببليوجرافية,الخ | يشتمل على إرجاعات ببليوجرافية. |
| 505 0# - تبصرة محتويات-الفهرس | |
| تبصرة المحتويات المصاغة | المجلد الثاني. محافظات الوجه البحري : الدقهلية - دمياط -- المجلد الثالث. محافظات الوجه البحري : الشرقية - القليوبية -- المجلد الرابع. محافظات الوجه البحري : المنوفية - الغربية -- المجلد الخامس. محافظات الوجه البحري : كفر الشيخ - البحيرة -- المجلد السادس. محافظات : الجيزة - حلوان - 6 أكتوبر - الفيوم -- المجلد السابع. محافظات : بني سويف - المنيا -- المجلد الثامن. محافظات الوجه القبلي : أسيوط - سوهاج -- المجلد التاسع. محافظات الوجه القبلي : قنا - الأقصر - أسوان. |
| 650 #7 - المدخل الاضافى بالموضوع-مصطلح موضوعى | |
| مصطلح موضوعي أو اسم جغرافي كعنصر مدخل | مصر |
| التقسيم الفرعي الشكلي | وصف ورحلات |
| التقسيم الفرعي الجغرافي | دوائر معارف. |
| مصدر الرأس أو المصطلح | BUEsh |
| 651 ## - المدخل الاضافى بالموضوع - اسم جغرافى | |
| مصدر الرأس أو المصطلح | BUEsh |
| 653 ## - مصطلح تكشيفى غير مقيد | |
| Resource For college | Generalities |
| Arrived date list | January2018 |
| -- | February2018 |
| 655 ## - مصطلح تكشيفى-نوع/شكل | |
| التقسيم الفرعي الشكلي | Reading book |
| 942 ## - عناصر المدخل الإضافي( كوها) | |
| مصدر التصنيف او مخطط الترفيف | Dewey Decimal Classification |
| حالة التراجع | حالة الفقد | مصدر التصنيف او خطة الترفيف | حالة تلف | ليس للاعارة | مجموعات كوها | المكان الدائم | المكان الحالي | موقع الترفيف | تاريخ الاكتساب | Source of acquisition | سعر الشراء الطبيعي | تعداد مسلسل / التسلسل الزمني | رقم الاستدعاء | الباركود | Date last seen | التكلفة | نوع الوعاء | تبصرة عامة |
|---|---|---|---|---|---|---|---|---|---|---|---|---|---|---|---|---|---|---|
| Dewey Decimal Classification | صندوق التنمية الثقافية | Central Library | Central Library | Ground Floor | 02/01/2018 | Purchase | 50.00 | 2920 | 916.203 م ش ع | 000042769 | 15/07/2025 | 62.50 | Reference (NB) | مج. 2 | ||||
| Dewey Decimal Classification | صندوق التنمية الثقافية | Central Library | Central Library | Ground Floor | 02/01/2018 | Purchase | 54.00 | 2920 | 916.203 م ش ع | 000042770 | 15/07/2025 | 67.50 | Reference (NB) | مج. 3 | ||||
| Dewey Decimal Classification | صندوق التنمية الثقافية | Central Library | Central Library | Ground Floor | 02/01/2018 | Purchase | 46.00 | 2920 | 916.203 م ش ع | 000042771 | 15/07/2025 | 57.50 | Reference (NB) | مج. 4 | ||||
| Dewey Decimal Classification | صندوق التنمية الثقافية | Central Library | Central Library | Ground Floor | 02/01/2018 | Purchase | 50.00 | 2920 | 916.203 م ش ع | 000042772 | 15/07/2025 | 62.50 | Reference (NB) | مج. 5 | ||||
| Dewey Decimal Classification | صندوق التنمية الثقافية | Central Library | Central Library | Ground Floor | 02/01/2018 | Purchase | 46.00 | 2920 | 916.203 م ش ع | 000042773 | 15/07/2025 | 57.50 | Reference (NB) | مج. 7 | ||||
| Dewey Decimal Classification | صندوق التنمية الثقافية | Central Library | Central Library | Ground Floor | 02/01/2018 | Purchase | 50.00 | 2920 | 916.203 م ش ع | 000042774 | 15/07/2025 | 62.50 | Reference (NB) | مج. 8 | ||||
| Dewey Decimal Classification | صندوق التنمية الثقافية | Central Library | Central Library | Ground Floor | 02/01/2018 | Purchase | 30.00 | 2920 | 916.203 م ش ع | 000042775 | 15/07/2025 | 37.50 | Reference (NB) | مج. 9 | ||||
| Dewey Decimal Classification | صندوق التنمية الثقافية | Central Library | Central Library | Ground Floor | 07/02/2018 | Purchase | 34.00 | 2420 | 916.203 م ش ع | 000042933 | 15/07/2025 | 42.50 | Reference (NB) | مج. 6 |